LIBRARY ONLINE CATALOGUE

The Data compression book / (Record no. 3099)

MARC details
000 -LEADER
fixed length control field 00682nam a22002172 4500
001 - CONTROL NUMBER
control field 0000006300
005 - DATE AND TIME OF LATEST TRANSACTION
control field 20151217145832.0
008 - FIXED-LENGTH DATA ELEMENTS--GENERAL INFORMATION
fixed length control field 071015s xx 000 0 eng d
020 ## - INTERNATIONAL STANDARD BOOK NUMBER
International Standard Book Number 817029729X :
Terms of availability KES 2500
040 ## - CATALOGING SOURCE
Original cataloging agency KABU
Transcribing agency KABU
100 1# - MAIN ENTRY--PERSONAL NAME
Personal name Nelson, Mark.
-- 0000157718
245 14 - TITLE STATEMENT
Title The Data compression book /
Statement of responsibility, etc. Mark Nelson, Jean-Loup Gailly.
250 ## - EDITION STATEMENT
Edition statement 2nd ed.
260 ## - PUBLICATION, DISTRIBUTION, ETC. (IMPRINT)
Place of publication, distribution, etc. New Delhi :
Name of publisher, distributor, etc. BPB Publications,
Date of publication, distribution, etc. 1996.
300 ## - PHYSICAL DESCRIPTION
Extent xiii, 557 p. +
Accompanying material 1 cd-rom.
650 #0 - SUBJECT ADDED ENTRY--TOPICAL TERM
Topical term or geographic name as entry element Data compression ( computer science)
-- 0000157719
700 1# - ADDED ENTRY--PERSONAL NAME
Personal name Gailly, Jean-Loup.
-- 0000157720
908 ## - PUT COMMAND PARAMETER (RLIN)
Put command parameter 071015
950 ## - LOCAL HOLDINGS (RLIN)
-- 1
Holdings
Withdrawn status Lost status Source of classification or shelving scheme Not for loan Home library Current library Date acquired Total Checkouts Full call number Barcode Date last seen Price effective from Koha item type
    Library of Congress Classification   Kabarak, Main Campus Kabarak, Main Campus 17/12/2015   QA76.9 .D33N45 1996 010583 17/12/2015 17/12/2015 General Collection